TOP 10 najlepszych klubów Ekstraklasy z podziałem na dekady - Statystyki

Ogólne statystyki
  • Ten quiz został rozwiązany 54 razy
  • Średni wynik to 89 z 110
Statystyki odpowiedzi
(Dekada) - Poz. Klub % Poprawnych
(1921-1930) - 3. | (1931-1940) - 9. | (1941-1950) - 7. | +8 others Legia Warszawa
100%
(1921-1930) - 1. | (1931-1940) - 3. | (1941-1950) - 1. | +7 others Wisła Kraków
96%
(1941-1950) - 4. | (1951-1960) - 9. | (1971-1980) - 10. | +5 others Lech Poznań
93%
(1961-1970) - 10. | (1981-1990) - 9. | (1991-2000) - 10. | (2021-2025) - 3. Pogoń Szczecin
93%
(1951-1960) - 6. | (1961-1970) - 1. | (1971-1980) - 5. | +5 others Górnik Zabrze
91%
(2011-2020) - 3. | (2021-2025) - 6. Jagiellonia Białystok
91%
(1941-1950) - 3. | (1951-1960) - 1. | (1961-1970) - 3. | +3 others Ruch Chorzów
89%
(1921-1930) - 10. | (1931-1940) - 1. Ruch Hajduki Wielkie
89%
(2021-2025) - 1. Raków Częstochowa
87%
(1981-1990) - 4. | (1991-2000) - 2. Widzew Łódź
87%
(1991-2000) - 4. | (2001-2010) - 6. | (2011-2020) - 9. | (2021-2025) - 10. Zagłębie Lubin
87%
(1921-1930) - 5. | (1931-1940) - 5. | (1941-1950) - 2. | +2 others Cracovia
84%
(1951-1960) - 7. | (2011-2020) - 5. Lechia Gdańsk
84%
(1971-1980) - 7. | (1981-1990) - 5 | (2011-2020) - 4. | (2021-2025) - 9. Śląsk Wrocław
84%
(2011-2020) - 7. | (2021-2025) - 5. Piast Gliwice
82%
(1921-1930) - 4. | (1931-1940) - 10. | (1941-1950) - 5. | (2001-2010) - 8. Polonia Warszawa
82%
(1981-1990) - 6. | (1991-2000) - 7. GKS Katowice
80%
(1921-1930) - 7. | (1931-1940) - 7. | (1941-1950) - 8. | +4 others Łódzki KS
80%
(1971-1980) - 1. Stal Mielec
73%
(1921-1930) - 2. | (1931-1940) - 4. | (1941-1950) - 9. Warta Poznań
71%
(1951-1960) - 5. | (1961-1970) - 5. Polonia Bytom
69%
(1921-1930) - 6. | (1931-1940) - 2. Pogoń Lwów
67%
(1961-1970) - 4. | (1971-1980) - 6. Zagłębie Sosnowiec
67%
(2001-2010) - 10. Amica Wronki
64%
(2001-2010) - 4. Dyskobolia Grodzisk Wlkp.
62%
(2001-2010) - 9. GKS Bełchatów
62%
(1961-1970) - 8. | (1971-1980) - 9. Szombierki Bytom
58%
(1931-1940) - 6. | (1941-1950) - 10. Garbarnia Kraków
47%
(1961-1970) - 7. Odra Opole
47%
(2001-2010) - 5. Odra Wodzisław Śląski
44%
(1961-1970) - 9. Stal Rzeszów
40%
(1951-1960) - 4. Gwardia Warszawa
31%
(1921-1930) - 9. Czarni Lwów
27%
(1941-1950) - 6. AKS Chorzów
16%
(1931-1940) - 8. Warszawianka Warszawa
16%
(1951-1960) - 10. Górnik Radlin
13%
(1921-1930) - 8. 1.FC Katowice
11%
Nie znaleziono quizów pasujących do podanych kryteriów
Rozkład punktacji
Procent ludzi z każdym wynikiem
Percentyl według liczby udzielonych odpowiedzi
Twoja historia wyników
Nie rozwiązałeś tego quizu